Základné prostriedky SSR v roku 1984

Saved in:
Bibliographic Details
Format: Book
Language:Slovak
Published: Bratislava Slovenský štatistický úrad 1985
Tags: Add Tag
No Tags, Be the first to tag this record!

MARC

LEADER 00000nam a2200000 4500
001 c108018
005 20240116074026.3
041 0 |a slo 
044 |a SK 
245 1 0 |a Základné prostriedky SSR v roku 1984 
264 1 |a Bratislava  |b Slovenský štatistický úrad  |c 1985 
300 |a Nestr.